000 00294nam a22001337a 4500
008 170525b xxu||||| |||| 00| 0 eng d
020 _a007452660
041 _aeng
080 _a62
100 _a26
101 _aIM
245 _aMODERN SCIENTISTS AND ENGINEERS
_cHILL.MC.G
942 _2udc
_cBK
999 _c14235
_d14235